Loading...
| History - World | 0 | 9 | 1 | 0 | 85 | 12 | 45.89 | 3 | 7 | 0.00 | 0.00 |
| Fine Arts - Other | 0 | 9 | 1 | 3 | 85 | 15 | 83.33 | 5 | 7 | 0.00 | 0.00 |
| History - American | 0 | 9 | 1 | 0 | 85 | 17 | 37.67 | 6 | 8 | 0.00 | 0.00 |
| History - Other | 0 | 8 | 0 | 0 | 80 | 24 | 67.38 | 1 | 5 | 0.00 | 0.00 |
| Fine Arts - Painting and Sculpture | 0 | 8 | 0 | 0 | 80 | 34 | 60.75 | 3 | 7 | 0.00 | 0.00 |
| Philosophy | 0 | 9 | 2 | 1 | 80 | 27 | 66.67 | 6 | 9 | 0.00 | 0.00 |
| Literature - World | 0 | 7 | 0 | 1 | 70 | 58 | 96.29 | 1 | 6 | 0.00 | 0.00 |
| Social Science | 0 | 8 | 2 | 0 | 70 | 24 | 52.50 | 4 | 7 | 0.00 | 0.00 |
| Science - Biology | 0 | 7 | 0 | 1 | 70 | 28 | 74.71 | 2 | 5 | 0.00 | 0.00 |
| Literature - American | 0 | 6 | 1 | 0 | 55 | 26 | 81.50 | 2 | 5 | 0.00 | 0.00 |
| Fine Arts - Classical Music | 0 | 5 | 0 | 0 | 50 | 54 | 70.20 | 3 | 4 | 0.00 | 0.00 |
| History - European | 0 | 7 | 4 | 0 | 50 | 14 | 48.71 | 4 | 7 | 0.00 | 0.00 |
| Religion | 0 | 5 | 1 | 0 | 45 | 82 | 95.60 | 0 | 4 | 0.00 | 0.00 |
| Literature - European | 0 | 4 | 1 | 0 | 35 | 80 | 87.25 | 1 | 4 | 0.00 | 0.00 |
| Science - Chemistry | 0 | 3 | 0 | 2 | 30 | 51 | 92.33 | 0 | 2 | 0.00 | 0.00 |
| Mythology | 0 | 3 | 1 | 1 | 25 | 60 | 101.00 | 0 | 2 | 0.00 | 0.00 |
| Current Events | 0 | 2 | 0 | 2 | 20 | 101 | 106.50 | 0 | 1 | 0.00 | 0.00 |
| Literature - British | 0 | 3 | 2 | 0 | 20 | 66 | 80.00 | 1 | 2 | 0.00 | 0.00 |
| Science - Other | 0 | 2 | 0 | 1 | 20 | 68 | 95.50 | 0 | 1 | 0.00 | 0.00 |
| Geography | 0 | 2 | 0 | 0 | 20 | 92 | 97.50 | 0 | 2 | 0.00 | 0.00 |
| Popular Culture | 0 | 2 | 0 | 0 | 20 | 14 | 28.00 | 2 | 2 | 0.00 | 0.00 |
| Science - Physics | 0 | 2 | 1 | 1 | 15 | 115 | 115.50 | 0 | 1 | 0.00 | 0.00 |
| Other Academic | 0 | 1 | 0 | 0 | 10 | 88 | 88.00 | 0 | 0 | 0.00 | 0.00 |